Annual review of phytopathology. V 10 (Record no. 44920)
[ view plain ]
| 000 -LEADER | |
|---|---|
| fixed length control field | 00357nam a2200133Ia 4500 |
| 082 ## - DEWEY DECIMAL CLASSIFICATION NUMBER | |
| Classification number | 581.2 |
| Item number | ANN.10 |
| 245 #0 - TITLE STATEMENT | |
| Title | Annual review of phytopathology. V 10 |
| 260 ## - PUBLICATION, DISTRIBUTION, ETC. (IMPRINT) | |
| Place of publication | California |
| Name of publisher | Annual Reviews Inc |
| Year of publication | 1972 |
| 650 ## - SUBJECT ADDED ENTRY--TOPICAL TERM | |
| Topical Term | Coffee |
| 650 ## - SUBJECT ADDED ENTRY--TOPICAL TERM | |
| Topical Term | Indian plant pathology |
| 650 ## - SUBJECT ADDED ENTRY--TOPICAL TERM | |
| Topical Term | Phytopathology |
| 942 ## - ADDED ENTRY ELEMENTS (KOHA) | |
| Koha item type | Books |
| Withdrawn status | Lost status | Damaged status | Not for loan | Collection code | Home library | Current library | Date acquired | Full call number | Accession Number | Koha item type |
|---|---|---|---|---|---|---|---|---|---|---|
| Journal register | RRII Library | RRII Library | 16/12/2021 | 581.2 ANN.10 | J02674 | Books |